NLSUI OPAC header image

Disparity in the rights of the accused to that of the witness way forward for witness protection (Record no. 217597)

MARC details
000 -LEADER
fixed length control field 00528nam a2200133Ia 4500
005 - DATE AND TIME OF LATEST TRANSACTION
control field 20260209120147.0
008 - FIXED-LENGTH DATA ELEMENTS--GENERAL INFORMATION
fixed length control field 260209s9999||||xx |||||||||||||| ||und||
100 ## - MAIN ENTRY--PERSONAL NAME
Personal name M P Rannika
245 #0 - TITLE STATEMENT
Title Disparity in the rights of the accused to that of the witness way forward for witness protection
260 ## - PUBLICATION, DISTRIBUTION, ETC.
Place of publication, distribution, etc. BangaloreBangalore
Name of publisher, distributor, etc. NLSIU, Bangalore
Date of publication, distribution, etc. 2023
300 ## - PHYSICAL DESCRIPTION
Extent 49 p. ; 25 cm.
700 ## - ADDED ENTRY--PERSONAL NAME
Personal name Dr. Preeti Pratishruti – Supervisor Dr. Preeti Pratishruti – Supervisor
856 ## - ELECTRONIC LOCATION AND ACCESS
Uniform Resource Identifier <a href="https://dans.nls.ac.in/handle/123456789/1203">https://dans.nls.ac.in/handle/123456789/1203</a>
Holdings
Withdrawn status Lost status Damaged status Not for loan Home library Current library Date acquired Total Checkouts Barcode Date last seen Price effective from Koha item type
        . . 09.02.2026   LLM964 09.02.2026 09.02.2026 Dissertation